[Event "2. Magistral Colonia de Sacramento"]
[Site "Colonia del Sacramento"]
[Date "2008.05.07"]
[Round "6.4"]
[White "Soppe, Guillermo"]
[Black "Roselli Mailhe, Bernardo"]
[Result "1/2-1/2"]
[WhiteElo "2417"]
[BlackElo "2420"]
[PlyCount "31"]
[EventDate "2008.05.04"]
[EventType "tourn"]
[EventRounds "9"]
[EventCountry "URU"]
[Source "lmi"]
[SourceDate "2008.05.04"]

1. Nf3 Nf6 2. d4 g6 3. Nc3 Bg7 4. e4 d6 5. h3 O-O 6. Be3 Nc6 7. d5 Nb8 8. Qd2
c6 9. Bh6 cxd5 10. Bxg7 Kxg7 11. exd5 Nbd7 12. Bc4 Qb6 13. Rb1 Nc5 14. O-O Nce4
15. Nxe4 Nxe4 16. Qd3 1/2-1/2

[Event "2. Magistral Colonia de Sacramento"]
[Site "Colonia del Sacramento"]
[Date "2008.05.07"]
[Round "6.5"]
[White "Riverol, Jose"]
[Black "Valiente, Cristobal"]
[Result "1/2-1/2"]
[WhiteElo "2275"]
[BlackElo "2267"]
[PlyCount "23"]
[EventDate "2008.05.04"]
[EventType "tourn"]
[EventRounds "9"]
[EventCountry "URU"]
[Source "lmi"]
[SourceDate "2008.05.04"]

1. d4 Nf6 2. Nf3 g6 3. c4 Bg7 4. Nc3 O-O 5. Bg5 d6 6. e3 h6 7. Bh4 c5 8. Be2
Nc6 9. d5 Na5 10. O-O e6 11. dxe6 Bxe6 12. Nd2 1/2-1/2

[Event "2. Magistral Colonia de Sacramento"]
[Site "Colonia del Sacramento"]
[Date "2008.05.08"]
[Round "7.1"]
[White "Valiente, Cristobal"]
[Black "Oddone, Cristhian"]
[Result "1/2-1/2"]
[WhiteElo "2267"]
[BlackElo "2235"]
[PlyCount "34"]
[EventDate "2008.05.04"]
[EventType "tourn"]
[EventRounds "9"]
[EventCountry "URU"]
[Source "lmi"]
[SourceDate "2008.05.04"]

1. Nf3 c5 2. g3 Nc6 3. Bg2 e5 4. d3 g6 5. O-O Bg7 6. c4 Nge7 7. Nc3 O-O 8. Bd2
d6 9. a3 h6 10. Ne1 Be6 11. Nd5 f5 12. e3 Bf7 13. Rb1 Nxd5 14. cxd5 Ne7 15. e4
g5 16. f4 gxf4 17. gxf4 exf4 1/2-1/2

[Event "2. Magistral Colonia de Sacramento"]
[Site "Colonia del Sacramento"]
[Date "2008.05.08"]
[Round "7.5"]
[White "Menna Barreto, Luiz Ney"]
[Black "Ippoliti, Horacio"]
[Result "1/2-1/2"]
[WhiteElo "2314"]
[BlackElo "2169"]
[PlyCount "95"]
[EventDate "2008.05.04"]
[EventType "tourn"]
[EventRounds "9"]
[EventCountry "URU"]
[Source "lmi"]
[SourceDate "2008.05.04"]

1. g3 Nf6 2. Bg2 c5 3. c4 Nc6 4. Nc3 d6 5. h3 g6 6. d3 Bg7 7. e4 O-O 8. Nge2 a6
9. Be3 Rb8 10. d4 cxd4 11. Nxd4 Qa5 12. O-O Qb4 13. Qb3 Qxb3 14. Nxb3 Be6 15.
Nd5 Nd7 16. Rab1 Nde5 17. Nd2 Nd3 18. b3 Bxd5 19. exd5 Ncb4 20. Be4 f5 21. a3
fxe4 22. axb4 Nxb4 23. Bb6 e3 24. fxe3 h6 25. Kg2 Ra8 26. Rxf8+ Kxf8 27. Nf3 e6
28. e4 exd5 29. exd5 Re8 30. Bc7 Nd3 31. Bxd6+ Kf7 32. Kf1 Re3 33. Ne1 Nb2 34.
c5 Rxb3 35. c6 bxc6 36. dxc6 Ke6 37. Bf4 g5 38. c7 Kd7 39. Rc1 Rc3 40. Rxc3
Bxc3 41. Bd6 Bxe1 42. Kxe1 a5 43. g4 a4 44. Bf8 Kxc7 45. Kd2 Nc4+ 46. Kc3 Nd6
47. Bxh6 Nf7 48. Bxg5 1/2-1/2

[Event "2. Magistral Colonia de Sacramento"]
[Site "Colonia del Sacramento"]
[Date "2008.05.08"]
[Round "8.2"]
[White "Bertona, Fernando"]
[Black "Menna Barreto, Luiz Ney"]
[Result "1/2-1/2"]
[WhiteElo "2425"]
[BlackElo "2314"]
[PlyCount "70"]
[EventDate "2008.05.04"]
[EventType "tourn"]
[EventRounds "9"]
[EventCountry "URU"]
[Source "lmi"]
[SourceDate "2008.05.04"]

1. d4 d5 2. Bg5 c6 3. e3 Bf5 4. Nf3 h6 5. Bh4 Nd7 6. Be2 Ngf6 7. O-O e6 8. c4
dxc4 9. Bxc4 Be7 10. Nc3 O-O 11. Rc1 Ne4 12. Nxe4 Bxe4 13. Bg3 Bxf3 14. Qxf3
Bh4 15. Rfd1 Rc8 16. a3 Bxg3 17. Qxg3 Qe7 18. Ba2 Rfd8 19. h3 b6 20. Qf3 Qd6
21. Rc3 Ne5 22. Qe4 c5 23. Rdc1 Nd7 24. b4 Rc7 25. Bb1 g6 26. Qh4 Rdc8 27. dxc5
bxc5 28. bxc5 Rxc5 29. Rxc5 Rxc5 30. Qd8+ Qf8 31. Qxf8+ Kxf8 32. Rxc5 Nxc5 33.
Kf1 Ke7 34. Ke2 Kd6 35. Kd2 Nd7 1/2-1/2

[Event "2. Magistral Colonia de Sacramento"]
[Site "Colonia del Sacramento"]
[Date "2008.05.08"]
[Round "8.3"]
[White "Soppe, Guillermo"]
[Black "Larrea, Manuel"]
[Result "1-0"]
[WhiteElo "2417"]
[BlackElo "2342"]
[PlyCount "107"]
[EventDate "2008.05.04"]
[EventType "tourn"]
[EventRounds "9"]
[EventCountry "URU"]
[Source "lmi"]
[SourceDate "2008.05.04"]

1. Nf3 Nf6 2. g3 g6 3. b4 Bg7 4. Bb2 O-O 5. Bg2 d6 6. O-O e5 7. c4 Nc6 8. b5
Ne7 9. Nc3 Bd7 10. d4 exd4 11. Nxd4 Qc8 12. Re1 Bh3 13. Bh1 Re8 14. Rc1 Ng4 15.
Qd2 Nf5 16. Nd5 Ne5 17. Nxf5 Bxf5 18. c5 Qd8 19. f4 c6 20. bxc6 Nxc6 21. Bxg7
Kxg7 22. Qb2+ Kh6 23. Qxb7 Nd4 24. e3 Nc2 25. Re2 Rb8 26. Qxa7 dxc5 27. Bf3 Nb4
28. Nxb4 cxb4 29. Qxf7 Re7 30. Qf6 Rb6 31. Qb2 Rbe6 32. g4 Bxg4 33. Bxg4 Rxe3
34. Rxe3 Rxe3 35. Qf2 Rd3 36. Re1 b3 37. axb3 Rxb3 38. Re3 Rb1+ 39. Kg2 Qd5+
40. Bf3 Qd8 41. Kh3 Rb4 42. Be4 Qd7+ 43. Kg2 Qg4+ 44. Qg3 Rb2+ 45. Kg1 Qd1+ 46.
Re1 Qd2 47. Bg2 Kg7 48. f5 Qd4+ 49. Kh1 Rc2 50. fxg6 hxg6 51. Be4 Rf2 52. Qxg6+
Kf8 53. Bg2 Rf7 54. Bc6 1-0

[Event "2. Magistral Colonia de Sacramento"]
[Site "Colonia del Sacramento"]
[Date "2008.05.08"]
[Round "8.4"]
[White "Riverol, Jose"]
[Black "Rodriguez, Santiago"]
[Result "0-1"]
[WhiteElo "2275"]
[BlackElo "2204"]
[PlyCount "70"]
[EventDate "2008.05.04"]
[EventType "tourn"]
[EventRounds "9"]
[EventCountry "URU"]
[Source "lmi"]
[SourceDate "2008.05.04"]

1. d4 Nf6 2. c4 e6 3. Nc3 Bb4 4. Qc2 O-O 5. Nf3 b6 6. a3 Bxc3+ 7. Qxc3 Ne4 8.
Qc2 Bb7 9. e3 d6 10. Bd3 f5 11. O-O Rf6 12. d5 exd5 13. cxd5 Bxd5 14. Nd4 Qe7
15. f3 c5 16. Ne2 Ng5 17. Bxf5 Qf7 18. e4 Bb3 19. Qc3 h6 20. Bxg5 hxg5 21. Qe3
Nc6 22. Qxg5 Bc4 23. Nc3 Bxf1 24. Rxf1 Qc4 25. Nd5 Rh6 26. h4 Qd4+ 27. Kh1 Qxb2
28. h5 b5 29. Bg6 Rf8 30. f4 a5 31. Rf3 b4 32. axb4 cxb4 33. Rg3 Kh8 34. Ne3
Qf6 35. Qd5 Ne7 0-1

[Event "2. Magistral Colonia de Sacramento"]
[Site "Colonia del Sacramento"]
[Date "2008.05.08"]
[Round "8.5"]
[White "Valiente, Cristobal"]
[Black "Roselli Mailhe, Bernardo"]
[Result "1/2-1/2"]
[WhiteElo "2267"]
[BlackElo "2420"]
[PlyCount "32"]
[EventDate "2008.05.04"]
[EventType "tourn"]
[EventRounds "9"]
[EventCountry "URU"]
[Source "lmi"]
[SourceDate "2008.05.04"]

1. e4 g6 2. d4 Bg7 3. Nc3 d6 4. Be3 a6 5. Qd2 Nd7 6. h4 h5 7. Nh3 b5 8. a4 b4
9. Nd1 a5 10. Ng5 d5 11. c3 e6 12. cxb4 axb4 13. exd5 exd5 14. Qxb4 Ne7 15. Bd3
O-O 16. O-O Ba6 1/2-1/2

[Event "2. Magistral Colonia de Sacramento"]
[Site "Colonia del Sacramento"]
[Date "2008.05.09"]
[Round "9.1"]
[White "Roselli Mailhe, Bernardo"]
[Black "Oddone, Cristhian"]
[Result "1/2-1/2"]
[WhiteElo "2420"]
[BlackElo "2235"]
[PlyCount "72"]
[EventDate "2008.05.04"]
[EventType "tourn"]
[EventRounds "9"]
[EventCountry "URU"]
[Source "lmi"]
[SourceDate "2008.05.04"]

1. c4 c5 2. Nc3 Nc6 3. g3 g6 4. Bg2 Bg7 5. a3 d6 6. Rb1 a5 7. Nf3 e5 8. O-O
Nge7 9. d3 O-O 10. Bd2 d5 11. cxd5 Nxd5 12. Nxe5 Nxc3 13. Nxc6 Nxe2+ 14. Qxe2
bxc6 15. Bc3 Qd6 16. Rfe1 Ba6 17. Bxg7 Kxg7 18. Qe5+ Qxe5 19. Rxe5 Bxd3 20. Rd1
c4 21. Bxc6 Rab8 22. Bb5 Rfd8 23. f3 Kf6 24. f4 a4 25. Kf2 h5 26. h4 Rb6 27.
Bxc4 Rxb2+ 28. Ke3 Bxc4 29. Rxd8 Rb3+ 30. Kd4 Rd3+ 31. Kxc4 Rxd8 32. Kb4 Rd3
33. Rg5 Rd4+ 34. Kc3 Rd1 35. Kb4 Rd4+ 36. Kc3 Rd1 1/2-1/2

[Event "2. Magistral Colonia de Sacramento"]
[Site "Colonia del Sacramento"]
[Date "2008.05.09"]
[Round "9.3"]
[White "Larrea, Manuel"]
[Black "Riverol, Jose"]
[Result "1/2-1/2"]
[WhiteElo "2342"]
[BlackElo "2275"]
[PlyCount "52"]
[EventDate "2008.05.04"]
[EventType "tourn"]
[EventRounds "9"]
[EventCountry "URU"]
[Source "lmi"]
[SourceDate "2008.05.04"]

1. e4 c5 2. Nf3 Nc6 3. d4 cxd4 4. Nxd4 Nf6 5. Nc3 e5 6. Ndb5 h6 7. Nd5 Nxd5 8.
exd5 a6 9. Nc3 Nd4 10. Be3 Nf5 11. Bd3 d6 12. Qf3 g6 13. O-O-O Bg7 14. g4 Nxe3
15. fxe3 O-O 16. h4 b5 17. Rdg1 Qf6 18. Qxf6 Bxf6 19. g5 hxg5 20. hxg5 Be7 21.
Rh2 Kg7 22. Rgh1 Rg8 23. Rh7+ Kf8 24. Rf1 Rg7 25. Rh8+ Rg8 26. Rh7 Rg7 1/2-1/2

[Event "2. Magistral Colonia de Sacramento"]
[Site "Colonia del Sacramento"]
[Date "2008.05.09"]
[Round "9.5"]
[White "Ippoliti, Horacio"]
[Black "Bertona, Fernando"]
[Result "0-1"]
[WhiteElo "2169"]
[BlackElo "2425"]
[PlyCount "96"]
[EventDate "2008.05.04"]
[EventType "tourn"]
[EventRounds "9"]
[EventCountry "URU"]
[Source "lmi"]
[SourceDate "2008.05.04"]

1. d4 d5 2. Nc3 Nf6 3. Bg5 Nbd7 4. Nf3 c6 5. Qd3 b5 6. Ne5 b4 7. Na4 Nxe5 8.
dxe5 Ne4 9. Be3 Qa5 10. f3 Ba6 11. Qd4 Qxa4 12. fxe4 e6 13. b3 Qa5 14. exd5
cxd5 15. Bd2 Qc5 16. e3 Bxf1 17. Rxf1 Be7 18. Qg4 O-O 19. Rc1 a5 20. Rf4 Qc7
21. c4 Qxe5 22. cxd5 exd5 23. Rf5 Qxh2 24. Rxd5 Ra6 25. Rh5 Qd6 26. Qe4 g6 27.
Rd5 Qf6 28. Ke2 Re6 29. Qf3 Qxf3+ 30. gxf3 Bd8 31. f4 Rfe8 32. Kf3 Bb6 33. Rd3
Kg7 34. Rc4 f5 35. Rd7+ R8e7 36. Rxe7+ Rxe7 37. Rc6 Bd8 38. Bc1 Rc7 39. Rxc7+
Bxc7 40. e4 Kf6 41. Be3 Ke6 42. Bc5 fxe4+ 43. Kxe4 h5 44. Bg1 h4 45. Bh2 h3 46.
Bg3 Bd6 47. Bh2 g5 48. f5+ Kd7 0-1